zpět

Detail výsledku týmu

Kozlovka, Hradec Králové

Datum a čas kvízu

25.5 Celkem bodů Celkový počet nahraných bodů na tomto kvízu bez doplňovacích otázek.
4. Pořadí na kvízu Konečné umístění týmu na tomto kvízu.

Zaznamenané odpovědi

# Otázka Odpověď Body Výsledky
1. V pátek 3. prosince jsme si př... Bohuslav Balbín 1
2. Které oblečení zakázal severok... A 1
3. Minulý týden jsme se dozvěděli... Iva Pazderková 0
4. Životní úroveň v Česku se loni... Lucembursko 1
5. Minulý týden se v Paříži udělo... posedmé 0
6. Po slavných psech a koních při... Francie 1
7. Kočka na obrázku pochází ze st... Simonova kočka (Simon's Cat) 1
8. Ve Spojeném království jsou ko... myšilov 1
9. Neopomeneme ani slavné literár... Šklíba 1
10. Téma slavných koček zakončíme... Bastet (též Baset, Baast, Ubaste) 0